Vista normal
Vista MARC
Entrada Materia (personas)
Número de registros utilizados en: 4
001 - CONTROL NUMBER
- control field: 63920
003 - CONTROL NUMBER IDENTIFIER
- control field: Co-BoUCM
005 - DATE AND TIME OF LATEST TRANSACTION
- control field: 20140821113058.0
008 - FIXED-LENGTH DATA ELEMENTS
- fixed length control field: 140821|| aca||aabn | a|a d
040 ## - CATALOGING SOURCE
- Original cataloging agency: Co-BoUCM
- Transcribing agency: Co-BoUCM
100 ## - HEADING--PERSONAL NAME
- Personal name: López Ramírez, Jorge Hernán
670 ## - SOURCE DATA FOUND
- Source citation: Work cat.: (Co-BoUCM)51439: López Ramírez, Jorge Hernán, Geriatría, 2006